Simulovaný robotický futbal - tímová spolupráca

Enregistré dans:
Détails bibliographiques
Auteur principal: Wagner, Jozef (Auteur)
Autres auteurs: Lekavý, Marián, 1980- (Directeur de thèse)
Format: Manuscrit Livre
Langue:slovaque
Publié: Bratislava : STU, 2006
Sujets:
Tags: Ajouter un tag
Pas de tags, Soyez le premier à ajouter un tag!

MARC

LEADER 00000ntm a22000003a 4500
001 stu139224
005 20180313150425.1
008 070323s2006----xo------------------slo-d
040 |a STU  |b slo 
041 0 |a slo 
044 |a xo 
100 1 |a Wagner, Jozef  |4 aut 
245 1 |a Simulovaný robotický futbal - tímová spolupráca 
260 |a Bratislava :  |b STU,  |c 2006 
300 |a 69 s  |c príl. 
650 7 |a softvérové inžinierstvo  |2 stusub 
700 1 |a Lekavý, Marián,  |d 1980-  |4 ths  |u I200  |U FIIT Fakulta informatiky a informačných technológií  |T FIIT Ústav informatiky a softvérového inžinierstva  |X 10225  |U I200  |Y 179  |7 10225 
996 |c I*DP95/06  |l II680  |s P  |a 0  |w stu139224_0001